<The> Multiplier effect of University of economics in Bratislava on the regional level

Multiplikačný efekt Ekonomickej univerzity v Bratislave na regionálnu úroveň. Dopad univerzity pre Bratislavu a zvyšok Slovenska pre viaceré sektory.

Gespeichert in:
Bibliographische Detailangaben
1. Verfasser: Sekelský, Lukáš
Format: Buchkapitel
Sprache:Englisch
Schlagworte:
Tags: Tag hinzufügen
Keine Tags, Fügen Sie das erste Tag hinzu!

MARC

LEADER 00000nla a2200000 4500
001 0224058
005 20240502073652.2
041 0 |a eng 
044 |a SK 
245 1 0 |a <The> Multiplier effect of University of economics in Bratislava on the regional level  |c Lukáš Sekelský 
520 |a Multiplikačný efekt Ekonomickej univerzity v Bratislave na regionálnu úroveň. Dopad univerzity pre Bratislavu a zvyšok Slovenska pre viaceré sektory. 
610 2 0 |a rozvoj regionálny 
610 2 0 |a univerzity 
610 2 0 |a Ekonomická univerzita v Bratislave 
610 2 0 |a obchod 
610 2 0 |a služby 
610 2 0 |a ubytovanie 
610 2 0 |a stravovanie školské 
610 2 0 |a doprava 
100 1 |a Sekelský, Lukáš